[Event "OLNO 1920 SC Kreuzberg - SSC Graal-Müri"]
[Site "?"]
[Date "2019.09.29"]
[Round "1.1"]
[White "Luethke, Hans-Eckart"]
[Black "Birnboim, Nathan"]
[Result "0-1"]
[WhiteElo "2115"]
[BlackElo "2395"]
[PlyCount "135"]
[EventDate "2019.??.??"]

1. e4 e5 2. Nf3 Nc6 3. d4 exd4 4. Nxd4 Bc5 5. Be3 Qf6 6. c3 Nge7 7. Bc4 Qg6 8.
O-O Bb6 9. Nd2 O-O 10. Nc2 d5 11. Bxb6 axb6 12. Bxd5 Nxd5 13. exd5 Bg4 14. f3
Bh3 15. Ne1 Ne7 16. Ne4 Rfd8 17. c4 b5 18. b3 c6 19. Ng3 Be6 20. Qc2 cxd5 21.
Qxg6 hxg6 22. cxb5 Bd7 23. b6 Ra6 24. Nc2 Rxb6 25. Nd4 Bb5 26. Rfd1 Nc6 27.
Rac1 Kf8 28. Kf2 Ba6 29. Rc3 Ke7 30. Nge2 Kd6 31. f4 Re8 32. Re3 Bxe2 33. Kxe2
Ra8 34. a4 Rb4 35. Nb5+ Kc5 36. Nc7 d4 37. Red3 Rc8 38. Rc1+ Kd6 39. Nb5+ Kd7
40. Kf2 Ne5 41. fxe5 Rxc1 42. Nxd4 Ke7 43. Kf3 Re1 44. Nc2 Rf1+ 45. Kg3 Re4 46.
Ne3 Rc1 47. Nc4 g5 48. h3 Rc2 49. Nd6 Rxe5 50. Nxb7 Ree2 51. a5 Rxg2+ 52. Kf3
Rcf2+ 53. Ke4 Ra2 54. Kd5 Kd7 55. b4 Rgd2 56. Nc5+ Kc7 57. Rxd2 Rxd2+ 58. Ke5
Kc6 59. Nb3 Rd5+ 60. Ke4 f5+ 61. Ke3 Kb5 62. Nd4+ Kc4 63. Nc6 Rd3+ 64. Kf2 Rd6
65. Ne5+ Kxb4 66. Nf7 Ra6 67. Nxg5 Kxa5 68. Ke3 0-1

[Event "OLNO 1920 SC Kreuzberg - SSC Graal-Müri"]
[Site "?"]
[Date "2019.09.29"]
[Round "1.3"]
[White "Van Bentum, Horst"]
[Black "Glantz, Robert"]
[Result "0-1"]
[WhiteElo "2072"]
[BlackElo "2291"]
[PlyCount "66"]
[EventDate "2019.??.??"]

1. Nf3 f5 2. b3 Nf6 3. Bb2 e6 4. e3 Be7 5. Be2 O-O 6. O-O b6 7. c4 Bb7 8. Nc3
d6 9. d4 Ne4 10. Nd2 Nxd2 11. Qxd2 Nd7 12. f4 Nf6 13. Bf3 Bxf3 14. Rxf3 d5 15.
Qe2 c6 16. a4 Bb4 17. Na2 Bd6 18. Nc3 Qe7 19. Rff1 Kh8 20. Nd1 Rg8 21. Nf2 g5
22. fxg5 Rxg5 23. Nh3 Rg4 24. Kh1 Rag8 25. Rg1 Rh4 26. Bc3 Ng4 27. Be1 Rh6 28.
Bg3 Bxg3 29. hxg3 Nf6 30. Kh2 Qc7 31. Qf3 Rxg3 32. Qf4 Qxf4 33. exf4 Rxb3 0-1

[Event "OLNO 1920 SC Kreuzberg - SSC Graal-Müri"]
[Site "?"]
[Date "2019.09.29"]
[Round "1.4"]
[White "Lerch, Philipp"]
[Black "Moritz, Hartmut"]
[Result "1-0"]
[WhiteElo "2318"]
[BlackElo "2074"]
[PlyCount "47"]
[EventDate "2019.??.??"]

1. d4 Nf6 2. Nf3 d5 3. e3 e6 4. Bd3 c5 5. b3 Nc6 6. Bb2 Nb4 7. Be2 cxd4 8. exd4
Qc7 9. c4 b6 10. Nc3 a6 11. Rc1 dxc4 12. bxc4 Bb7 13. a3 Nc6 14. d5 Nd8 15. Na4
Bc5 16. Nxc5 bxc5 17. O-O O-O 18. Bxf6 gxf6 19. Qd2 Qd6 20. Rfd1 e5 21. Bd3 Kg7
22. Nh4 Bc8 23. Bf5 Kh8 24. Qh6 1-0

[Event "OLNO 1920 SC Kreuzberg - SSC Graal-Müri"]
[Site "?"]
[Date "2019.09.29"]
[Round "1.5"]
[White "Schulz, Wolf-Detlef"]
[Black "Moritz, Aron"]
[Result "0-1"]
[WhiteElo "1846"]
[BlackElo "2210"]
[PlyCount "46"]
[EventDate "2019.??.??"]

1. e4 c5 2. Nc3 Nc6 3. f4 g6 4. Nf3 Bg7 5. Bc4 e6 6. O-O Nge7 7. Qe1 a6 8. a4
Nd4 9. Nxd4 cxd4 10. Ne2 d5 11. exd5 Nxd5 12. Bxd5 Qxd5 13. d3 O-O 14. Ng3 f5
15. b3 b6 16. Rf3 Bb7 17. Rf2 Rac8 18. Qb4 Rc6 19. Ba3 Rfc8 20. Qe1 Rxc2 21.
Rc1 Rxc1 22. Bxc1 Qxb3 23. Rb2 Qd5 0-1

[Event "OLNO 1920 SC Kreuzberg - SSC Graal-Müri"]
[Site "?"]
[Date "2019.09.29"]
[Round "1.6"]
[White "Lehmann, Klaus"]
[Black "Jeske, Holger"]
[Result "1-0"]
[WhiteElo "2249"]
[BlackElo "1881"]
[PlyCount "87"]
[EventDate "2019.??.??"]

1. e4 c5 2. Nf3 g6 3. g3 Bg7 4. Bg2 Nc6 5. O-O d6 6. d3 Bd7 7. c3 e5 8. Be3 Qc8
9. Nbd2 Nge7 10. Rc1 O-O 11. d4 b6 12. b4 Nd8 13. Nc4 Nb7 14. bxc5 bxc5 15.
dxe5 dxe5 16. Ncxe5 Be6 17. Qa4 f6 18. Nc4 Qc6 19. Qxc6 Nxc6 20. Nfd2 Ne5 21.
Nxe5 fxe5 22. Rc2 Rac8 23. Rb1 Rc7 24. Bf1 Nd6 25. Be2 c4 26. Rcb2 Rfc8 27. Rb4
Bd7 28. f3 Bf8 29. Rb8 Kf7 30. Rxc8 Bxc8 31. Kf2 Be6 32. Rb8 Nc8 33. h4 Bd6 34.
Rb1 Ne7 35. h5 Nc8 36. Rh1 Kg7 37. hxg6 hxg6 38. Rb1 Ne7 39. Kg2 Ng8 40. Bg5
Nh6 41. Be3 Nf7 42. Rb5 Rc6 43. Ra5 a6 44. Ra4 1-0

[Event "OLNO 1920 SC Kreuzberg - SSC Graal-Müri"]
[Site "?"]
[Date "2019.09.29"]
[Round "1.7"]
[White "Perlick, Eberhard"]
[Black "Glienke, Manfred"]
[Result "0-1"]
[WhiteElo "1965"]
[BlackElo "2238"]
[PlyCount "102"]
[EventDate "2019.??.??"]

1. d4 d5 2. Nc3 Nf6 3. Bg5 Nbd7 4. e3 e6 5. Nf3 c5 6. Be2 Be7 7. O-O O-O 8. Nb1
a6 9. c3 b5 10. Nbd2 Bb7 11. Rc1 Re8 12. Bd3 Ne4 13. Bxe7 Qxe7 14. Bb1 f5 15.
Ne1 e5 16. f3 Nd6 17. Nb3 cxd4 18. exd4 e4 19. f4 Nc4 20. Qe2 a5 21. Na1 Ba6
22. b3 Na3 23. Qe3 Rac8 24. b4 Nf6 25. Nac2 Ng4 26. Qg3 Nc4 27. h3 Nf6 28. Ne3
Nxe3 29. Qxe3 axb4 30. cxb4 Qxb4 31. Nc2 Qb2 32. Qb3 Qxb3 33. axb3 b4 34. Rfe1
Bd3 35. Nxb4 Bxb1 36. Rxb1 Rc3 37. Na6 Ra8 38. Nc5 Ra2 39. Ra1 Rd2 40. Rad1
Rcc2 41. Rxd2 Rxd2 42. Rb1 Rxd4 43. b4 Rc4 44. Na6 Nd7 45. b5 Nb6 46. Nb4 d4
47. Nc6 d3 48. Ne5 Rc2 49. Rd1 Nc4 50. Nxc4 Rxc4 51. Kf2 Rb4 0-1

[Event "OLNO 1920 SC Kreuzberg - SSC Graal-Müri"]
[Site "?"]
[Date "2019.09.29"]
[Round "1.8"]
[White "Holzapfel, Daniel"]
[Black "Kundt, Guenther"]
[Result "1-0"]
[WhiteElo "2231"]
[BlackElo "1739"]
[PlyCount "43"]
[EventDate "2019.??.??"]

1. d4 d5 2. c4 e6 3. Nf3 Nf6 4. Nc3 Be7 5. Bg5 O-O 6. e3 h6 7. Bxf6 Bxf6 8. Qc2
b6 9. O-O-O Bb7 10. cxd5 exd5 11. g4 c5 12. h4 g6 13. g5 cxd4 14. exd4 Bg7 15.
h5 Qd6 16. hxg6 f5 17. gxh6 Qf4+ 18. Qd2 Qxd2+ 19. Kxd2 Bf6 20. Bd3 Be7 21. g7
Rd8 22. Rdg1 1-0

[Event "OLNO 1920 SC Rotation Pankow - Greifswa"]
[Site "?"]
[Date "2019.09.29"]
[Round "1.1"]
[White "Leisner, Hannes"]
[Black "Rietze, Clemens"]
[Result "1-0"]
[WhiteElo "2271"]
[BlackElo "2279"]
[PlyCount "71"]
[EventDate "2019.??.??"]

1. e4 e5 2. Nf3 Nc6 3. Bc4 Nf6 4. d3 Bc5 5. c3 d6 6. a4 a5 7. O-O Ba7 8. Na3
Ne7 9. Nb5 Bb8 10. Ng5 O-O 11. f4 exf4 12. Bxf4 Ng6 13. Bg3 c6 14. Nd4 d5 15.
Bxb8 dxc4 16. e5 Ng4 17. Nxf7 Rxf7 18. Rxf7 Kxf7 19. e6+ Kg8 20. Qxg4 Rxb8 21.
dxc4 c5 22. Nb5 Qf6 23. Re1 b6 24. Qg3 Nf4 25. Nc7 Bxe6 26. Nxe6 Re8 27. Nxf4
Rxe1+ 28. Qxe1 Qxf4 29. Qe8+ Qf8 30. Qe6+ Qf7 31. Qxb6 Qxc4 32. Qxa5 Qe4 33.
Qd8+ Kf7 34. Qd1 Qe3+ 35. Kf1 Kg6 36. Qg4+ 1-0

[Event "OLNO 1920 SC Rotation Pankow - Greifswa"]
[Site "?"]
[Date "2019.09.29"]
[Round "1.2"]
[White "Dauth, Benjamin"]
[Black "Stubbe, Wilko"]
[Result "1-0"]
[WhiteElo "2256"]
[BlackElo "2222"]
[PlyCount "109"]
[EventDate "2019.??.??"]

1. e4 e6 2. d3 d5 3. Nd2 Nf6 4. g3 Be7 5. Bg2 c5 6. Ne2 Nc6 7. O-O O-O 8. h3
Qc7 9. f4 b5 10. a4 b4 11. g4 dxe4 12. Nxe4 Nxe4 13. Bxe4 Bb7 14. f5 Nd4 15.
Bf4 Qc8 16. Bxb7 Qxb7 17. Nxd4 cxd4 18. fxe6 f5 19. gxf5 Rxf5 20. Qe2 Rf6 21.
Rf2 Qc6 22. Re1 Raf8 23. Bg3 Rxf2 24. Bxf2 Rf6 25. Bg3 Rg6 26. Kh2 Qxa4 27. Qf3
Rf6 28. b3 Qe8 29. Qd5 Qf8 30. Qxd4 Qc8 31. Qc4 Qb7 32. Qe4 Qc8 33. d4 Qf8 34.
Re2 Rf3 35. Kg2 Rf1 36. Rf2 Rxf2+ 37. Bxf2 Qf6 38. d5 Qg5+ 39. Kf1 h5 40. Bxa7
Qc1+ 41. Ke2 Bg5 42. Qf5 Qd2+ 43. Kf3 h4 44. Bf2 Qd1+ 45. Kg2 Bf6 46. Qd3 Qh5
47. d6 Qg5+ 48. Kf1 Qc1+ 49. Ke2 Qf4 50. e7 Qe5+ 51. Kf1 Kh8 52. Qd4 Qb5+ 53.
Qc4 Qd7 54. Qg4 Qb5+ 55. Kg1 1-0

[Event "OLNO 1920 SC Rotation Pankow - Greifswa"]
[Site "?"]
[Date "2019.09.29"]
[Round "1.3"]
[White "Teschke, Olaf"]
[Black "Neumeier, Lars"]
[Result "0-1"]
[WhiteElo "2222"]
[BlackElo "2303"]
[PlyCount "62"]
[EventDate "2019.??.??"]

1. d4 Nf6 2. c4 c5 3. d5 b5 4. cxb5 a6 5. bxa6 Bxa6 6. Nc3 g6 7. e4 Bxf1 8.
Kxf1 d6 9. Nf3 Nbd7 10. g3 Bg7 11. Kg2 O-O 12. Qe2 Qb8 13. a4 Qb4 14. Bd2 Qb3
15. a5 Ng4 16. Na4 Nge5 17. Nxe5 Bxe5 18. Ra3 Qb7 19. Rb1 f5 20. Nc3 Nf6 21. a6
Qd7 22. b4 fxe4 23. b5 Qf5 24. Nd1 e3 25. Rbb3 exd2 26. b6 Rfb8 27. f4 Bd4 28.
a7 Qxd5+ 29. Kh3 Rb7 30. Qxd2 c4 31. Ra5 Bc5 0-1

[Event "OLNO 1920 SC Rotation Pankow - Greifswa"]
[Site "?"]
[Date "2019.09.29"]
[Round "1.4"]
[White "Seils, Joerg"]
[Black "Fromm, Marius"]
[Result "1/2-1/2"]
[WhiteElo "2321"]
[BlackElo "2124"]
[PlyCount "96"]
[EventDate "2019.??.??"]

1. e4 e5 2. Nf3 Nc6 3. Nc3 Nf6 4. d4 exd4 5. Nxd4 Bb4 6. Nxc6 bxc6 7. Bd3 d5 8.
exd5 O-O 9. O-O cxd5 10. h3 Be6 11. Bg5 h6 12. Bh4 Rb8 13. Ne2 Bd6 14. b3 Rb4
15. f4 c5 16. c3 Rb6 17. Bc2 Re8 18. Qd3 c4 19. Qf3 Bd7 20. Nd4 Bb5 21. Rfe1
Bc5 22. Kh1 Bxd4 23. cxd4 Qd7 24. Re5 Ne4 25. Bxe4 dxe4 26. Qxe4 Rxe5 27. dxe5
Bc6 28. e6 Qxe6 29. Qxe6 fxe6 30. Bf2 Rb7 31. bxc4 Rb2 32. Kg1 a6 33. a3 Rc2
34. c5 Bd5 35. Rb1 Ra2 36. Rc1 Bc6 37. Rd1 Rxa3 38. Rd6 Ra1+ 39. Kh2 Bd5 40. f5
Kf7 41. Rd7+ Kf8 42. fxe6 Bxe6 43. Rd6 Bf5 44. c6 Rc1 45. Rd5 Be6 46. Bc5+ Kf7
47. c7 a5 48. Re5 a4 1/2-1/2

[Event "OLNO 1920 SC Rotation Pankow - Greifswa"]
[Site "?"]
[Date "2019.09.29"]
[Round "1.6"]
[White "Guth, Thomas"]
[Black "Weber, Max"]
[Result "0-1"]
[WhiteElo "2277"]
[BlackElo "2230"]
[PlyCount "68"]
[EventDate "2019.??.??"]

1. e4 c5 2. Nf3 Nc6 3. d4 cxd4 4. Nxd4 Nf6 5. Nc3 d6 6. Bg5 e6 7. Qd2 a6 8. Be2
Bd7 9. Nb3 b5 10. a3 Be7 11. O-O Qc7 12. Be3 Ne5 13. Qe1 Nc4 14. Bc1 O-O 15.
Nd2 Rfe8 16. Nxc4 bxc4 17. b3 cxb3 18. cxb3 Rac8 19. Bd2 Qb7 20. Qb1 Bc6 21.
Bd3 Nd7 22. b4 Bf6 23. Rc1 Ne5 24. Bf1 d5 25. exd5 exd5 26. b5 axb5 27. Nxb5
Nc4 28. Bxc4 Bxa1 29. Nd6 Qxb1 30. Rxb1 dxc4 31. Nxc8 c3 32. Bg5 Bb2 33. Ne7+
Rxe7 34. Bxe7 c2 0-1

[Event "OLNO 1920 SC Rotation Pankow - Greifswa"]
[Site "?"]
[Date "2019.09.29"]
[Round "1.7"]
[White "Lange, Jannis"]
[Black "Mueller, Michael"]
[Result "1/2-1/2"]
[WhiteElo "2080"]
[BlackElo "2236"]
[PlyCount "36"]
[EventDate "2019.??.??"]

1. e4 e6 2. d4 d5 3. Nc3 Nc6 4. e5 f6 5. Bb5 Bd7 6. Nf3 Qe7 7. O-O Qf7 8. Re1
O-O-O 9. Bxc6 Bxc6 10. Qe2 Bd7 11. Nxd5 exd5 12. e6 Bxe6 13. Qxe6+ Qxe6 14.
Rxe6 Kd7 15. Re2 Bd6 16. Bd2 Ne7 17. Rae1 Nc6 18. c3 Rhe8 1/2-1/2

[Event "OLNO 1920 SC Rotation Pankow - Greifswa"]
[Site "?"]
[Date "2019.09.29"]
[Round "1.8"]
[White "Weber, Martin"]
[Black "Bartolomaeus, Christian"]
[Result "1/2-1/2"]
[WhiteElo "2150"]
[BlackElo "2206"]
[PlyCount "36"]
[EventDate "2019.??.??"]

1. e4 d6 2. d4 Nf6 3. Nc3 g6 4. Nf3 Bg7 5. Be2 O-O 6. O-O e6 7. h3 Nc6 8. Be3
a6 9. a4 b6 10. Re1 Bb7 11. Qd2 Ne7 12. Bd3 Nd7 13. Bh6 Re8 14. Bxg7 Kxg7 15.
Qf4 h6 16. Rad1 g5 17. Qe3 Ng6 18. e5 Qe7 1/2-1/2

[Event "OLNO 1920 SC Zitadelle-Spandau - SF Ber"]
[Site "?"]
[Date "2019.09.29"]
[Round "1.1"]
[White "Modler, Andreas"]
[Black "Cremer, Jan Paul"]
[Result "0-1"]
[WhiteElo "2226"]
[BlackElo "2217"]
[PlyCount "106"]
[EventDate "2019.??.??"]

1. c4 Nf6 2. Nc3 g6 3. e4 d6 4. d4 Bg7 5. Be2 O-O 6. Nf3 e5 7. O-O exd4 8. Nxd4
Re8 9. f3 Nc6 10. Be3 Nh5 11. Qd2 Nf4 12. Rfd1 Nxd4 13. Bxd4 Qg5 14. Bf1 Bxd4+
15. Qxd4 h5 16. Qd2 Nh3+ 17. Kh1 Qxd2 18. Rxd2 Nf4 19. g3 Ne6 20. Nd5 Kg7 21.
Bh3 Ng5 22. Bg2 Ne6 23. f4 h4 24. f5 c6 25. f6+ Kh6 26. Ne7 Nc5 27. Rxd6 h3 28.
Bf3 Be6 29. Rad1 a5 30. e5 Kg5 31. R1d4 Bf5 32. Kg1 a4 33. Nxc6 bxc6 34. Bxc6
Rab8 35. Bxe8 Rxe8 36. R4d5 Rc8 37. Rd8 Rc7 38. Rh8 Be6 39. Rd4 Kf5 40. b4 axb3
41. axb3 Kxe5 42. Rf4 g5 43. Rf1 Ne4 44. Re1 Ra7 45. Re8 Ra2 46. c5 Kf5 47. g4+
Kf4 48. Rf1+ Kxg4 49. Rxe6 fxe6 50. Rc1 Rg2+ 51. Kf1 Nd2+ 52. Ke1 Nf3+ 53. Kd1
Rd2# 0-1

[Event "OLNO 1920 SC Zitadelle-Spandau - SF Ber"]
[Site "?"]
[Date "2019.09.29"]
[Round "1.2"]
[White "Engers, Felix"]
[Black "Nogly, Christoph"]
[Result "1-0"]
[WhiteElo "2189"]
[BlackElo "2245"]
[PlyCount "99"]
[EventDate "2019.??.??"]

1. c4 e6 2. g3 d5 3. Bg2 dxc4 4. Nf3 a6 5. O-O Nf6 6. Qc2 Bd6 7. a4 O-O 8. Na3
Nc6 9. Nxc4 a5 10. Rd1 Ra6 11. d4 Nb4 12. Qb3 Bd7 13. Nfe5 Qc8 14. Bg5 Rd8 15.
Qf3 Be7 16. Nxd7 Rxd7 17. Qxb7 Qxb7 18. Bxb7 Ra7 19. Ne5 Rd8 20. Bf3 Ra6 21.
Rac1 h6 22. Rxc7 Bd6 23. Bxf6 gxf6 24. Rd7 Rxd7 25. Nxd7 Kg7 26. Nc5 Rb6 27.
Nb7 Be7 28. Rc1 f5 29. Rc7 Kf8 30. Nc5 Rd6 31. e3 Na6 32. Rc8+ Kg7 33. Nd3 Rb6
34. Ra8 Bd6 35. Ra7 Kg6 36. Nf4+ Bxf4 37. gxf4 Nb8 38. Rxa5 Rxb2 39. Rb5 Rxb5
40. axb5 Nd7 41. Bc6 Nb6 42. Kf1 Kf6 43. Ke2 Ke7 44. Kd3 Kd6 45. Kc3 Kc7 46.
Kb4 Kd6 47. Ka5 Kc7 48. Ka6 Na4 49. Be8 f6 50. Bf7 1-0

[Event "OLNO 1920 SC Zitadelle-Spandau - SF Ber"]
[Site "?"]
[Date "2019.09.29"]
[Round "1.3"]
[White "Hoffmann, Udo"]
[Black "Perestjuk, Marko"]
[Result "1-0"]
[WhiteElo "2299"]
[BlackElo "2125"]
[PlyCount "67"]
[EventDate "2019.??.??"]

1. e4 c5 2. Nf3 d6 3. d4 cxd4 4. Nxd4 Nf6 5. Nc3 a6 6. Be3 e5 7. Nb3 Be6 8. Nd5
Nbd7 9. f3 Nxd5 10. exd5 Bf5 11. Qd2 Be7 12. Be2 O-O 13. O-O Rc8 14. c4 e4 15.
f4 h6 16. Nd4 Bh7 17. b4 Bf6 18. Rac1 Qe7 19. Nb3 Rfd8 20. c5 Nb8 21. Bg4 Rc7
22. Rfd1 g5 23. cxd6 Qxd6 24. Rxc7 Qxc7 25. fxg5 Bxg5 26. Bxg5 hxg5 27. Qxg5+
Bg6 28. h4 Kh8 29. Qh6+ Kg8 30. h5 Bh7 31. d6 Qb6+ 32. Nc5 Nc6 33. Qg5+ Kh8 34.
h6 1-0

[Event "OLNO 1920 SC Zitadelle-Spandau - SF Ber"]
[Site "?"]
[Date "2019.09.29"]
[Round "1.4"]
[White "Van der Veen, Terry"]
[Black "Brettschneider, Stefan"]
[Result "1/2-1/2"]
[WhiteElo "2086"]
[BlackElo "2278"]
[PlyCount "80"]
[EventDate "2019.??.??"]

1. e4 d6 2. d4 Nf6 3. Nc3 g6 4. f4 Bg7 5. Nf3 O-O 6. e5 Nfd7 7. Bc4 Nb6 8. Bb3
Nc6 9. a4 a5 10. Ne4 d5 11. Nf2 f5 12. c3 e6 13. h4 h5 14. Ng5 Bh6 15. Qd3 Kg7
16. Bc2 Qe8 17. b3 Nd7 18. Ba3 Rh8 19. Qf3 b6 20. Bd3 Bb7 21. Qe3 Nd8 22. O-O
Rc8 23. b4 Bxg5 24. fxg5 c5 25. bxc5 bxc5 26. Bb5 Nc6 27. Nd3 c4 28. Nf4 Ndb8
29. Rab1 Qf7 30. Rb2 Rhd8 31. Rfb1 Ba8 32. Qd2 Qd7 33. Bc5 Rh8 34. Qc2 Qf7 35.
Bd6 Rhd8 36. Qf2 Qe8 37. Bc5 Qf7 38. Ba3 Qd7 39. g4 hxg4 40. h5 Rh8 1/2-1/2

[Event "OLNO 1920 SC Zitadelle-Spandau - SF Ber"]
[Site "?"]
[Date "2019.09.29"]
[Round "1.5"]
[White "Noetzel, Felix"]
[Black "Schwedek, Tony"]
[Result "1/2-1/2"]
[WhiteElo "2233"]
[BlackElo "1971"]
[PlyCount "80"]
[EventDate "2019.??.??"]

1. e4 e5 2. Nf3 Nc6 3. d4 exd4 4. Bc4 Nf6 5. O-O Nxe4 6. Re1 d5 7. Bxd5 Qxd5 8.
Nc3 Qd7 9. Nxe4 Be7 10. Bg5 O-O 11. Bxe7 Qxe7 12. Nxd4 Bd7 13. Nc3 Qb4 14. Ndb5
Rad8 15. Qc1 Nd4 16. Nxd4 Qxd4 17. Qg5 Qg4 18. Qxg4 Bxg4 19. f3 Bf5 20. Re2
Rfe8 21. Rae1 Rxe2 22. Rxe2 Kf8 23. Kf2 c6 24. Ne4 Bxe4 25. Rxe4 Rd2+ 26. Re2
Rd5 27. Ke1 f6 28. Re3 Rb5 29. b3 Rd5 30. Ke2 Kf7 31. a4 a6 32. c4 Rd6 33. a5
f5 34. f4 g6 35. g3 Kf6 36. Re8 Re6+ 37. Rxe6+ Kxe6 38. b4 Kd6 39. Kd3 Ke6 40.
Kd4 Kd6 1/2-1/2

[Event "OLNO 1920 SC Zitadelle-Spandau - SF Ber"]
[Site "?"]
[Date "2019.09.29"]
[Round "1.6"]
[White "Boettcher, Patrick"]
[Black "Van Hasselt, Frank"]
[Result "0-1"]
[WhiteElo "2127"]
[BlackElo "2229"]
[PlyCount "76"]
[EventDate "2019.??.??"]

1. d4 d6 2. e4 Nf6 3. Nc3 c6 4. f4 Qa5 5. Bd3 e5 6. Nf3 exd4 7. Nxd4 g6 8. Qe2
Bg7 9. Nb3 Qc7 10. O-O O-O 11. h3 Re8 12. Be3 b5 13. a3 Nbd7 14. Rae1 a6 15.
Qf3 c5 16. e5 Bb7 17. Be4 Nxe4 18. Nxe4 dxe5 19. fxe5 Nxe5 20. Nf6+ Kh8 21. Qg3
Nf3+ 22. Rxf3 Qxg3 23. Rxg3 Bxf6 24. Nxc5 Bc6 25. c3 Be5 26. Rg5 f6 27. Rg4 f5
28. Rb4 a5 29. Rb3 Bg3 30. Bd4+ Kg8 31. Rxe8+ Rxe8 32. Bf2 Re2 33. Nd3 Rd2 34.
Bxg3 Rxg2+ 35. Kf1 Rxg3 36. Ne5 Be8 37. a4 b4 38. Kf2 f4 0-1

[Event "OLNO 1920 SC Zitadelle-Spandau - SF Ber"]
[Site "?"]
[Date "2019.09.29"]
[Round "1.7"]
[White "Mcgowan, Daniel"]
[Black "Riedel, Hartmut"]
[Result "0-1"]
[WhiteElo "2124"]
[BlackElo "1888"]
[PlyCount "90"]
[EventDate "2019.??.??"]

1. e4 c6 2. d4 d5 3. e5 c5 4. dxc5 Nc6 5. Nf3 Bg4 6. Bb5 e6 7. Bxc6+ bxc6 8. b4
Qb8 9. Qd4 Bxf3 10. gxf3 Ne7 11. f4 Nf5 12. Qc3 a5 13. bxa5 Qb5 14. Nd2 Qxc5
15. Qxc5 Bxc5 16. Nb3 Be7 17. Be3 Nxe3 18. fxe3 Bb4+ 19. Ke2 Bxa5 20. a4 Kd7
21. Rhb1 Kc7 22. Nc5 Bb6 23. Nb3 c5 24. a5 Ba7 25. e4 c4 26. Nd2 Rhb8 27. exd5
exd5 28. Nf3 Rxb1 29. Rxb1 h6 30. Nh4 g6 31. Ra1 Kc6 32. Ng2 Bb6 33. a6 d4 34.
Kf3 Kb5 35. Ke4 Rxa6 36. Rxa6 Kxa6 37. Ne1 Kb5 38. Nf3 Kb4 39. Nxd4 Kc3 40.
Nb5+ Kxc2 41. Nd6 c3 42. Nxf7 Kd2 43. e6 c2 44. e7 c1=Q 45. e8=Q Qe1+ 0-1

[Event "OLNO 1920 SC Zitadelle-Spandau - SF Ber"]
[Site "?"]
[Date "2019.09.29"]
[Round "1.8"]
[White "Giese, Reinhard"]
[Black "Lachmann, Utz"]
[Result "1-0"]
[WhiteElo "2095"]
[BlackElo "2125"]
[PlyCount "107"]
[EventDate "2019.??.??"]

1. d4 f5 2. Bg5 g6 3. e3 Bg7 4. h4 c5 5. c3 Qb6 6. Qc2 Nf6 7. Nd2 cxd4 8. exd4
Nc6 9. Ngf3 d5 10. Bxf6 Bxf6 11. h5 Bd7 12. hxg6 hxg6 13. Rxh8+ Bxh8 14. Bd3
O-O-O 15. Nh4 Kb8 16. f4 Rg8 17. Nhf3 Bf6 18. Nf1 e6 19. Qf2 Rh8 20. O-O-O Qc7
21. g3 a6 22. Kb1 Qd8 23. Ne3 Rh3 24. Qg2 Rh7 25. g4 Qh8 26. Re1 Bd8 27. gxf5
gxf5 28. Ng5 Rh2 29. Qg1 Bc7 30. Ng2 Qh6 31. Qf2 Nd8 32. Qg3 Rh1 33. Kc2 Rxe1
34. Nxe1 Qh1 35. Nh3 Ba4+ 36. Kd2 Bb5 37. Bxb5 axb5 38. Qg2 Qxg2+ 39. Nxg2 Nf7
40. Ke3 Bd8 41. Ne1 Kc7 42. Nd3 b6 43. b3 Kd6 44. Ne5 Nxe5 45. dxe5+ Kd7 46.
Ng1 Be7 47. b4 Bh4 48. Nf3 Bg3 49. Nd4 Bh2 50. Ne2 Kc6 51. Nd4+ Kd7 52. Kf3 Bg1
53. Ne2 Bh2 54. Kg2 1-0

[Event "OLNO 1920 SK König Tegel II - SG Lok Br"]
[Site "?"]
[Date "2019.09.29"]
[Round "1.1"]
[White "Rehberg, Raphael"]
[Black "Giemsa, Stephan"]
[Result "0-1"]
[WhiteElo "2244"]
[BlackElo "2291"]
[PlyCount "82"]
[EventDate "2019.??.??"]

1. e4 e6 2. d4 d5 3. Nc3 Nf6 4. e5 Nfd7 5. f4 c5 6. Nf3 Nc6 7. Be3 Be7 8. Qd2
O-O 9. dxc5 Qa5 10. Nb5 Qxd2+ 11. Nxd2 Nxc5 12. O-O-O a6 13. Nd4 Nxd4 14. Bxd4
b5 15. g4 Bd7 16. Bg2 Rfc8 17. Kb1 b4 18. f5 exf5 19. Bxd5 Rab8 20. Rhf1 Be6
21. Bxc5 Rxc5 22. Bxe6 fxe6 23. gxf5 Rxe5 24. Rde1 Rxe1+ 25. Rxe1 Rd8 26. Nb3
Bh4 27. Rf1 exf5 28. a3 bxa3 29. Rxf5 Rd1+ 30. Ka2 axb2 31. Kxb2 Bf6+ 32. Ka3
Rh1 33. Rh5 g6 34. Ra5 Rxh2 35. Rxa6 Be7+ 36. Kb2 g5 37. Kc3 g4 38. Kd3 g3 39.
Ra1 h5 40. c4 h4 41. c5 Rb2 0-1

[Event "OLNO 1920 SK König Tegel II - SG Lok Br"]
[Site "?"]
[Date "2019.09.29"]
[Round "1.2"]
[White "Anibar, Ahmed"]
[Black "Walter, Guenter"]
[Result "1/2-1/2"]
[WhiteElo "2273"]
[BlackElo "2148"]
[PlyCount "84"]
[EventDate "2019.??.??"]

1. e4 d6 2. d4 Nf6 3. Nc3 g6 4. Bg5 c6 5. Qd2 h6 6. Bh4 g5 7. Bg3 Nh5 8. O-O-O
Bg7 9. Kb1 Nd7 10. e5 dxe5 11. dxe5 Nxg3 12. hxg3 Qc7 13. f4 gxf4 14. gxf4 Nb6
15. Qf2 Bg4 16. Be2 Bxe2 17. Ngxe2 Rd8 18. Qg3 Rxd1+ 19. Rxd1 O-O 20. Rh1 Kh7
21. Nd4 Qd7 22. Qd3+ Kg8 23. Nf5 Rd8 24. Qxd7 Rxd7 25. Ne4 Nc4 26. Kc1 Kh7 27.
b3 Nb6 28. c4 Nc8 29. Kc2 Kg6 30. g4 e6 31. Nxg7 Kxg7 32. Kc3 b6 33. f5 c5 34.
Nf6 Rd8 35. a4 Ne7 36. fxe6 fxe6 37. g5 Rh8 38. gxh6+ Rxh6 39. Ne8+ Kg6 40.
Rxh6+ Kxh6 41. Nc7 Kg5 42. Nxe6+ Kf5 1/2-1/2

[Event "OLNO 1920 SK König Tegel II - SG Lok Br"]
[Site "?"]
[Date "2019.09.29"]
[Round "1.4"]
[White "Dimitrijeski, Boris"]
[Black "Rettig, Maik"]
[Result "1-0"]
[WhiteElo "2222"]
[BlackElo "2018"]
[PlyCount "131"]
[EventDate "2019.??.??"]

1. d4 Nf6 2. c4 e6 3. Nc3 Bb4 4. Qc2 O-O 5. Nf3 h6 6. a3 Bxc3+ 7. Qxc3 b6 8. e3
Bb7 9. Be2 d6 10. O-O Nbd7 11. Rd1 Ne4 12. Qc2 f5 13. Ne1 Qe7 14. b4 a5 15. Bb2
Ndf6 16. f3 Ng5 17. Nd3 Nd7 18. Nf4 Qf7 19. Rac1 axb4 20. axb4 c6 21. c5 d5 22.
Ra1 b5 23. Rxa8 Rxa8 24. Ra1 Rxa1+ 25. Bxa1 Qe8 26. Qa2 Kf7 27. Qa5 Qc8 28. Bc3
Nh7 29. h4 g6 30. Be1 Nhf6 31. Bg3 Ne8 32. Nd3 Qa8 33. Kf2 Ke7 34. Bf4 h5 35.
Bg5+ Kf7 36. Bf4 Ke7 37. Ke1 Kf7 38. Kd2 Ke7 39. Kc3 Kf7 40. Nc1 Ndf6 41. Kb3
Ke7 42. Na2 Kd7 43. Nc1 Ke7 44. Nd3 Nd7 45. Kc3 Kf7 46. Kd2 Kg7 47. Bd1 Kf7 48.
Ke2 Kg7 49. Kf2 Kf7 50. Kg3 Qc8 51. Be2 Nef6 52. Bd6 Ne8 53. Bf4 Nef6 54. Qa7
Qa8 55. Qxa8 Bxa8 56. Be5 Bb7 57. Kf4 Nh7 58. g4 hxg4 59. fxg4 fxg4 60. Bxg4
Nhf6 61. Bxf6 Kxf6 62. Ne5 Nf8 63. Be2 Ba8 64. Bd3 Bb7 65. Ng4+ Ke7 66. Kg5 1-0

[Event "OLNO 1920 SK König Tegel II - SG Lok Br"]
[Site "?"]
[Date "2019.09.29"]
[Round "1.5"]
[White "Schulz, Norbert"]
[Black "Niehaus, Frank"]
[Result "1/2-1/2"]
[WhiteElo "2082"]
[BlackElo "2101"]
[PlyCount "60"]
[SourceTitle "Oberliga Nord Ost"]
[WhiteTeam "Lok Brandenburg"]
[BlackTeam "König Tegel"]

1. d4 Nf6 2. c4 g6 3. Nc3 Bg7 4. e4 d6 5. Nf3 O-O 6. Be2 e5 7. dxe5 dxe5 8.
Qxd8 Rxd8 9. Bg5 Re8 10. Nd5 Nxd5 11. cxd5 c6 12. Bc4 cxd5 13. Bxd5 Na6 14. O-O
Nc7 15. Bb3 Be6 16. Rfc1 Rac8 17. Rc3 Bxb3 18. Rxb3 b6 19. Rd3 Ne6 20. Rd7 Nc5
21. Rxa7 Nxe4 22. Be3 Rc6 23. Ne1 Nd6 24. Rc1 Rxc1 25. Bxc1 e4 26. Bf4 Nf5 27.
b3 h5 28. Nc2 Rc8 29. Kf1 Bf8 30. Ke2 Bc5 1/2-1/2

[Event "OLNO 1920 SK König Tegel II - SG Lok Br"]
[Site "?"]
[Date "2019.09.29"]
[Round "1.6"]
[White "Kunze, Martin"]
[Black "Mueller, Klaus"]
[Result "1/2-1/2"]
[WhiteElo "2052"]
[BlackElo "1945"]
[PlyCount "95"]
[EventDate "2019.??.??"]

1. d4 Nf6 2. c4 e6 3. Nc3 d5 4. cxd5 exd5 5. Bg5 Be7 6. Qc2 c6 7. e3 O-O 8. Bd3
Nbd7 9. Nge2 Re8 10. O-O Nf8 11. f3 Be6 12. Rad1 Nh5 13. Bxe7 Qxe7 14. e4 g6
15. Qd2 Ng7 16. Nf4 Rad8 17. exd5 cxd5 18. Bb5 Bd7 19. Nfxd5 Qd6 20. Bxd7 Nxd7
21. Rfe1 a6 22. Qf4 Rxe1+ 23. Rxe1 Qxf4 24. Nxf4 Nf5 25. Nfd5 Nxd4 26. Rd1 Nc6
27. Kf2 Kg7 28. a3 Nf6 29. Nxf6 Kxf6 30. Rxd8 Nxd8 31. Ke3 Ke6 32. Ne4 h6 33.
Kd4 f5 34. Nc5+ Kd6 35. Nd3 Nc6+ 36. Kc4 g5 37. b4 b5+ 38. Kc3 Kd5 39. Nc5 a5
40. Na6 axb4+ 41. Nxb4+ Nxb4 42. Kxb4 Kc6 43. g4 f4 44. Kc3 Kc5 45. Kd3 Kd5 46.
Kc3 Kc5 47. Kd3 Kd5 48. Kc3 1/2-1/2